Sports Quiz

Random Sports or NCAA Quiz

NCAA Basketball AP Poll appearances Quiz Stats

 Plays Quiz not verified by Sporcle

Support Sporcle.
Go Orange.
Score 0/197 Timer 20:00
0 Plays Today
Number of Appearances School % Correct
779North Carolina
95.9%
656Duke
95.7%
761Kentucky
94.5%
651UCLA
94.1%
607Kansas
93.7%
318Michigan
92.3%
329Michigan State
91.6%
221Texas
91.3%
498Indiana
91.3%
198Florida
91.1%
15Ohio
89.6%
306Ohio State
89.2%
416Arizona
88.6%
78Penn
88.3%
101Florida State
88.2%
310Oklahoma
88%
66Georgia
87.7%
149Washington
87.6%
477Syracuse
87.3%
430Illinois
87.3%
287Alabama
87.2%
73Oregon
87%
167USC
86.5%
314Iowa
86.3%
182Virginia
86.2%
195LSU
86%
43Miami (FL)
85.9%
7Miami (OH)
85.9%
86California
85.8%
241Tennessee
85.7%
186Kansas State
85.6%
326North Carolina State
85.4%
237Oklahoma State
85.4%
161Wisconsin
85%
509Louisville
85%
37Washington State
85%
302Connecticut
84.8%
128Oregon State
84.8%
40Texas Tech
84.7%
211Georgia Tech
84.6%
94Arizona State
84.6%
82Texas A&M
83.9%
361Georgetown
83.7%
357Maryland
83.3%
212Utah
83.3%
255Arkansas
83%
31Colorado
82.2%
49Virginia Tech
82.2%
118South Carolina
82%
213Minnesota
81.8%
47Mississippi
81.6%
310Notre Dame
81.6%
248Missouri
81.5%
88Iowa State
81.3%
199Stanford
81.1%
230Pittsburgh
80.9%
234UNLV
80.4%
15Penn State
80%
29Nebraska
79.7%
276Villanova
79.7%
274Wake Forest
79.4%
298Purdue
79%
128Mississippi State
78.9%
126BYU
78.9%
262Memphis
78.6%
159West Virginia
78.4%
Number of Appearances School % Correct
90Auburn
78.1%
125Clemson
77.8%
124New Mexico
77.8%
361Cincinnati
77.8%
110Boston College
77.8%
282St. John's
77.3%
129Gonzaga
76.9%
29Baylor
76.3%
41Princeton
73.9%
327Marquette
73.7%
16San Diego State
73.2%
126Houston
72.5%
4Colorado State
72.3%
12Northwestern
71.9%
39Utah State
71.9%
190Vanderbilt
71.7%
64New Mexico State
71.4%
74Butler
71.2%
153Temple
71%
34Nevada
70.9%
26Rutgers
70.9%
4Yale
70.2%
78Massachusetts
69.7%
60UTEP
69%
22Indiana State
68.3%
113Xavier
67.3%
38Wyoming
66.9%
129Providence
66.5%
15Idaho
66.3%
23Navy
65.5%
33TCU
65%
65St. Joseph's
64.5%
156DePaul
64%
1Army
63.7%
16Hawaii
63.3%
133San Francisco
63.2%
13Air Force
63.2%
82Tulsa
61.4%
3Cornell
61%
16Rhode Island
60.8%
111Western Kentucky
60.3%
36Tulane
60.3%
27Creighton
59.5%
95Seton Hall
59.3%
41SMU
59.3%
4UCF
57.5%
92Dayton
56.9%
72George Washington
54.8%
5Dartmouth
54.4%
8Rice
54.3%
96St. Louis
54.3%
16Loyola Marymount
54.3%
3Eastern Michigan
54.3%
7Western Michigan
54.2%
49Loyola Chicago
54.2%
79Wichita State
53.9%
9VCU
53.8%
34UAB
53.8%
17Southern Illinois
52.3%
15St. Mary's
52.1%
22Toledo
51.8%
14Marshall
50.8%
31Columbia
50.1%
9Richmond
49%
32Fresno State
48.2%
19NYU
48%
Number of Appearances School % Correct
70Davidson
46.9%
4Portland
45.7%
2Northern Illinois
45.7%
7Northern Iowa
45.1%
13Louisiana Tech
44.6%
1Kent State
44.3%
1Missouri State
43.3%
1Cleveland State
43.3%
107La Salle
43%
19Southern Miss
42.9%
22Charlotte
42.7%
49Jacksonville
42.5%
6Idaho State
42.1%
32Drake
42.1%
41Detroit
42%
19Bowling Green
41.7%
11Illinois State
41.4%
1Pepperdine
40.6%
8Ball State
40.3%
3San Jose State
39.9%
65Seattle
38.8%
128Bradley
38.4%
79Holy Cross
36.4%
3Wisconsin-Green Bay
36.4%
2North Texas
35.2%
82St. Bonaventure
34.3%
32Louisiana-Lafayette
34.1%
23Santa Clara
33.6%
10CCNY
33%
91Duquesne
32.4%
1Bucknell
31.4%
12College of Charleston
31%
19Fordham
30.9%
10Murray State
30.4%
60Long Beach State
29.4%
6Eastern Kentucky
28.7%
7Weber State
28.4%
8Manhattan
28.2%
1Northeastern
28.2%
15Oral Roberts
27.6%
6Pacific
27.5%
1Texas State
26.6%
13Siena
26.3%
12New Orleans
25.7%
1Iona
25.7%
3VMI
22.1%
3Chattanooga
21.8%
20Long Island
21.8%
8South Alabama
21.6%
14East Tennessee State
19.7%
3Austin Peay
19.5%
2Winthrop
19.1%
20Niagara
18.9%
5St. Francis
16.2%
11Canisius
15.5%
1Lamar
13.4%
69Oklahoma City
11.2%
1Maryland Eastern Shore
10.3%
16Centenary
7.2%
1Wayne State
6%
5Texas-Pan American
5.5%
3West Texas A&M
5.3%
2West Virginia Tech
3.7%
9Hamline
3.3%
3Beloit
2.5%

You're not logged in!

Compare scores with friends on all Sporcle quizzes.
OR
Log In

From the Vault

Summer of '69 (A-Z)

by Pilgab

Hey, that summer was 50 years ago!
Remove Ads.
Support Sporcle.
Get the best of Sporcle when you Go Orange. This ad-free experience offers more features, more stats, and more fun while also helping to support Sporcle. Thank you for becoming a member.

Show Comments

Extras

Top Quizzes Today


Score Distribution

Your Account Isn't Verified!

In order to create a playlist on Sporcle, you need to verify the email address you used during registration. Go to your Sporcle Settings to finish the process.

Report this User

Report this user for behavior that violates our Community Guidelines.

Details: